000 00280nam a2200109Ia 4500
008 200302s9999 xx 000 0 und d
100 _aAuthor
245 _aReview of Education and Training in Concrete
260 _bCement and Concrete Association
260 _c1973
300 _a25 P.,
999 _c510
_d510